书目信息 |
| 题名: |
建筑工程施工监理手册
|
|
| 作者: | 欧震修 主编 | |
| 分册: | ||
| 出版信息: | 北京 中国建筑工业出版社 1995.01 |
|
| 页数: | 633页 | |
| 开本: | 32开 | |
| 丛书名: | ||
| 单 册: | ||
| 中图分类: | TU712-62 | |
| 科图分类: | ||
| 主题词: | 建筑工程--施工管理 | |
| 电子资源: | ||
| ISBN: | 7-112-02457-9 | |
| 000 | 00592nam0 2200193 45 | |
| 001 | 0002231615 | |
| 005 | 20001228171129.9 | |
| 010 | @a7-112-02457-9@d27.00元 | |
| 100 | @a20000223d1995 km y0chiy0120 ea | |
| 101 | @achi | |
| 105 | @a z 000yy | |
| 200 | 1 | @a建筑工程施工监理手册@AJian Zhu Gong Cheng Shi GongJian Li Shou Ce@f欧震修主编@FOu Zhen Xiu Zhu Bian |
| 210 | @a北京@c中国建筑工业出版社@d1995.01 | |
| 215 | @a633页@d32开 | |
| 606 | 0 | @a建筑工程@x施工管理 |
| 690 | @aTU712-62@v3 | |
| 701 | @a欧震修@4主编 | |
| 801 | @aCN@bPftUser@c20000223 | |
| 905 | @dTU712-62@eO905-1@b317520-524@f5 | |
| 建筑工程施工监理手册/欧震修主编.-北京:中国建筑工业出版社,1995.01 |
| 633页;32开 |
| ISBN 7-112-02457-9:27.00元 |
| ● |
| 相关链接 |
|
|
|
正题名:建筑工程施工监理手册
索取号:TU712-62/O905-1
 
预约/预借
| 序号 | 登录号 | 条形码 | 馆藏地/架位号 | 状态 | 备注 |
| 1 | 317520 | 203175205 | 自科二线404/404自科库 10排3列1层/ [索取号:TU712-62/O905-1] | 在馆 | |
| 2 | 317521 | 203175214 | 自科二线404/404自科库 10排3列1层/ [索取号:TU712-62/O905-1] | 在馆 | |
| 3 | 317522 | 203175223 | 自科二线404/404自科库 10排3列1层/ [索取号:TU712-62/O905-1] | 在馆 | |
| 4 | 317523 | 203175232 | 建筑库201/201建筑库 22排3列3层/ [索取号:TU712-62/O905-1] | 在馆 | |
| 5 | 317524 | 203175241 | 土木与交通工程学院资料室/土木与交通学院资料室 1排1列1层/ [索取号:TU712-62/O905-1] | 在馆 | |
| 6 | 49176 | 200491761 | 自科二线404/404自科库 10排3列1层/ [索取号:TU712-62/O905-1] | 在馆 |